Prepojenie univerzít s hospodárskou praxou nástrojmi marketingového manažmentu

Marketingový manažment ako nástroj na vytvorenie spolupráce medzi fakultami s ekonomickým a manažérskym zameraním a hospodárskou praxou a rozšírenie inovačného potenciálu podnikov.

Enregistré dans:
Détails bibliographiques
Auteur principal: Čimo, Jozef
Format: Chapitre de livre
Langue:slovaque
Sujets:
Tags: Ajouter un tag
Pas de tags, Soyez le premier à ajouter un tag!

MARC

LEADER 00000naa a2200000 4500
001 0211999
005 20240502073533.1
041 0 |a slo 
044 |a SK 
245 1 0 |a Prepojenie univerzít s hospodárskou praxou nástrojmi marketingového manažmentu  |c Jozef Čimo 
520 |a Marketingový manažment ako nástroj na vytvorenie spolupráce medzi fakultami s ekonomickým a manažérskym zameraním a hospodárskou praxou a rozšírenie inovačného potenciálu podnikov. 
610 2 0 |a marketing manažment 
610 2 0 |a prax odborná 
610 2 0 |a univerzity 
610 2 0 |a inovácia 
100 1 |a Čimo, Jozef